000 00878cam a22002531 4500
001 gs 63000075
003 DLC
005 20260227111412.0
008 780509s1962 xx s000 0 eng
010 _ags 63000075
035 _a(OCoLC)3878327
040 _aDLC
_cMeU-P
_dMeU-P
_dDLC
042 _apremarc
050 0 0 _aQE193
_b.A3 no. 103
100 1 _aFaessler, Carl,
_d1895-
245 1 0 _aAnalyses of rocks of the Province of Quebec /
_ccompiled by C. Faessler.
260 _aQuebec :
_bProvince of Quebec, Dept. of Natural Resources,
_c1962.
300 _aiv, 251 p. ;
_c24 cm.
490 1 _aQuébec (Province). Dept. of Natural Resources. Geological report ;
_v103
500 _aIncludes index.
650 0 _aPetrology
_zQuébec (Province)
650 0 _aRocks
_xAnalysis.
810 1 0 _aQuébec (Province).
_bDepartment of Natural Resources.
_tGeological report ;
_v103.
999 _c29677
_d29677